000 00444nam a2200181Ia 4500
001 8966
005 20260306160648.0
008 260306t1999||||xx |||||||||||||| ||spa||
041 _aESP
082 _a372.13078
_bB74
100 _aBorda A., Elizabeth
_eAUT
245 0 _aAyudas educativas :
_bcreatividad y aprendizaje
260 _c1999
300 _a222 páginas :
_c24 cm.
650 _aGEN
654 _aCED
942 _cLIB
_dJUS
_fJUS
_2ddc
_n
999 _c8966
_d8966